000 00354cam a2200145ua 4500
041 _aeng
_h
082 _a828.09
_bFIN/AD
100 _aFinn, F.E.S .
245 _aAdvanced Exercises in Criticism /
_cF.E.S.Finn.
_hTextual Documents
260 _aLondon :
_bJohn Murray ,
_c1960.
300 _a160 ; .
504 _a
942 _cBK
999 _c871
_d871